Hans Brinker / (Record no. 113551)
[ view plain ]
| 000 -LEADER | |
|---|---|
| fixed length control field | 00664nam a2200205 a 4500 |
| 001 - CONTROL NUMBER | |
| control field | 0428 |
| 005 - DATE AND TIME OF LATEST TRANSACTION | |
| control field | 20140414132026.0 |
| 008 - FIXED-LENGTH DATA ELEMENTS--GENERAL INFORMATION | |
| fixed length control field | 040106s19uu xx 00 eng d |
| 020 ## - INTERNATIONAL STANDARD BOOK NUMBER | |
| International Standard Book Number | 0-8167-1206-9 |
| 050 ## - LIBRARY OF CONGRESS CALL NUMBER | |
| Classification number | TR |
| Item number | H19 1988 |
| 100 ## - MAIN ENTRY--PERSONAL NAME | |
| Personal name | Dodge, Mary Mapes |
| 245 ## - TITLE STATEMENT | |
| Title | Hans Brinker / |
| Statement of responsibility, etc | Mary Mapes Dodge. |
| 260 ## - PUBLICATION, DISTRIBUTION, ETC. (IMPRINT) | |
| Place of publication, distribution, etc | U.S.A : |
| Name of publisher, distributor, etc | Troll, |
| Date of publication, distribution, etc | 1988. |
| 300 ## - PHYSICAL DESCRIPTION | |
| Extent | 44 p. : ill. p. ; cm. |
| 500 ## - GENERAL NOTE | |
| General note | TR/PS |
| 520 ## - SUMMARY, ETC. | |
| Summary, etc | A Dutch boy and girl work toward two goals, finding the doctor who can restore their father's memory and winning the competition for the silver skates. |
| 650 ## - SUBJECT ADDED ENTRY--TOPICAL TERM | |
| Topical term or geographic name as entry element | Ice skating |
| General subdivision | Fiction. |
| 650 ## - SUBJECT ADDED ENTRY--TOPICAL TERM | |
| Topical term or geographic name as entry element | Netherlands |
| General subdivision | Fiction. |
| Withdrawn status | Lost status | Damaged status | Use restrictions | Home library | Current library | Shelving location | Date acquired | Source of acquisition | Total Checkouts | Full call number | Barcode | Date last seen | Price effective from | Koha item type |
|---|---|---|---|---|---|---|---|---|---|---|---|---|---|---|
| Munich Library | Munich Library | Teachers Reference Section | 01/06/2004 | TR H19 1988 | M5134 | 04/14/2014 | 04/14/2014 | Books |